| 000 | 00523nam a2200169Ia 4500 | ||
|---|---|---|---|
| 999 |
_c53828 _d53828 |
||
| 003 | GCL | ||
| 005 | 20240530105207.0 | ||
| 008 | 140319s9999 xx 000 0 ara d | ||
| 040 |
_aGCL / _cGCL |
||
| 082 | 0 | 4 |
_a212.6 _bح م |
| 100 | 1 | _aحيدر قفه | |
| 245 | 1 | 0 |
_aالمسلمة العصرية الى اين / _cحيدر قفه |
| 260 |
_a[S.N] : _bدار البشير للثقافة والعلوم الاسلامية ، _c1991 |
||
| 300 | _a174 ص | ||
| 650 | 0 | 4 | _aالمرأة فى الاسلام |
| 942 |
_2ddc _cBK |
||